| Tag |
First Indicator |
Second Indicator |
Subfields |
| LEADER |
00000cam a2200000 a 4500 |
| 001 |
in00000766613 |
| 005 |
20151016171953.0 |
| 008 |
750523d19740600maua bt s00010 eng |
| 010 |
|
|
|a 75621220
|
| 035 |
|
|
|a (OCoLC)01501784
|
| 035 |
|
|
|9 ADJ9494AM
|
| 040 |
|
|
|a DLC
|c DLC
|d m.c.
|d TXA
|d UtOrBLW
|
| 049 |
|
|
|a TXAT
|c [A11591744]
|
| 050 |
0 |
0 |
|a TD224.M4
|b M37 no. 44
|a TD397
|
| 082 |
0 |
|
|a 333.9/1/009744 s
|a 628.1/3
|
| 100 |
1 |
|
|a Turbide, Peter N.
|
| 245 |
1 |
0 |
|a Design and assembly of an automatic hydrologic data acquisition system /
|c by Peter N. Turbide, Joseph M. Colonell, Francis S. Hill.
|
| 264 |
|
1 |
|a Amherst, Mass. :
|b Water Resources Research Center, University of Massachusetts,
|c [1974]
|
| 300 |
|
|
|a x, 121 pages :
|b illustrations ;
|c 28 cm.
|
| 336 |
|
|
|a text
|b txt
|2 rdacontent
|
| 337 |
|
|
|a unmediated
|b n
|2 rdamedia
|
| 338 |
|
|
|a volume
|b nc
|2 rdacarrier
|
| 490 |
1 |
|
|a Publication / Water Resources Research Center, University of Massachusetts at Amherst ; no. 44
|
| 504 |
|
|
|a Includes bibliographical references.
|
| 500 |
|
|
|a "June 1974."
|
| 513 |
|
|
|a Special report.
|
| 536 |
|
|
|a Supported in part by the Office of Water Resources Research, Dept. of the Interior.
|
| 650 |
|
0 |
|a Reservoirs
|x Evaporation control.
|
| 650 |
|
0 |
|a Automatic data collection systems.
|
| 700 |
1 |
|
|a Colonell, Joseph M.
|
| 700 |
1 |
|
|a Hill, Francis S.
|
| 830 |
|
0 |
|a Publication (University of Massachusetts at Amherst. Water Resources Research Center) ;
|v no. 44.
|
| 999 |
|
|
|a MARS
|
| 999 |
f |
f |
|s 1596e197-3117-3683-9a31-46104d6f8d85
|i e15d8927-ccc6-3349-aedf-8d27c7c09e89
|t 0
|
| 952 |
f |
f |
|p ric
|a Texas A&M University
|b Rellis Campus
|c Joint Library Facility
|d Remote Storage
|t 0
|e TD224.M4 M37 no. 44
|h Library of Congress classification
|i unmediated -- volume
|m A14811591744
|
| 998 |
f |
f |
|a TD224.M4 M37 no. 44
|t 0
|l Remote Storage
|